000
00336nam a2200121 a 4500
005
20140414131855.0
008
100901s19uu xx 00 eng d
050
_a
FIL
_b
M45 2009
100
_a
Matias, Segundo
245
_a
May magic si inay! :
_b
Mommy knows magic!.
260
_a
Manila, Philippines :
_b
Lampara,
_c
2009.
999
_c
110431
_d
110431